zpět

Detail výsledku týmu

Café Hostel, České Budějovice

Datum a čas kvízu

38 Celkem bodů Celkový počet nahraných bodů na tomto kvízu bez doplňovacích otázek.
2. Pořadí na kvízu Konečné umístění týmu na tomto kvízu.

Zaznamenané odpovědi

# Otázka Odpověď Body Výsledky
1. Koronavirus dorazil i do Posla... Karla Šlechtová 0
2. Jistá arabská země minulý týde... Spojené arabské emiráty 1
3. Minulý týden byl odhalen trail... Batman 1
4. Minulý týden byl oznámen konec... Internet Explorer 1
5. V sobotu začal nejslavnější cy... Nice 1
6. V tomto tématu se podíváme na... (druhá) punská válka 1
7. V roce 1792 u Valmy porazila f... Prusko 0
8. Jak se jmenoval americký gener... Robert Edward Lee 1
9. Německo poprvé ve velkém měřít... Ypry / Ypres 1
10. Cílem této vojenské operace v... Ofenzíva Tet 0